Indiana Jones y los cazadores del arca perdida = Indiana Jones and the Raiders of the Lost Ark /
Colección de las películas protagonizadas por el personaje del aventurero y presunto arqueólogo Indiana Jones, con las que el director Steven Spielberg y el productor George Lucas buscaron mantener la tradición del cine de aventuras, al tiempo que incorporaban elementos de las historietas gráficas y...
সংরক্ষণ করুন:
| প্রধান লেখক: | |
|---|---|
| অন্যান্য লেখক: | , , , , , , , , |
| বিন্যাস: | |
| ভাষা: | ইংরেজি |
| প্রকাশিত: |
San Francisco, EUA :
Lucasfilm,
2003, c1981
|
| মালা: | (Las Aventuras de Indiana Jones ;
1) |
| বিষয়গুলি: | |
| ট্যাগগুলো: |
কোনো ট্যাগ নেই, প্রথমজন হিসাবে ট্যাগ করুন!
|
MARC
| LEADER | 00000ngm^a2200000^a^4500 | ||
|---|---|---|---|
| 001 | 000171329 | ||
| 005 | 20250711105052.0 | ||
| 009 | 20260310101341.47 | ||
| 037 | |a Acervo ITESO - Biblioteca | ||
| 041 | |a ING | ||
| 082 | |a 810. |b SPI V. 1 | ||
| 100 | |a Spielberg, Steven |e (realización) | ||
| 240 | 1 | 5 | |a [Los cazadores del arca perdida] |
| 240 | 1 | 5 | |a [Las aventuras de Indiana Jones] |
| 245 | 1 | 0 | |a Indiana Jones y los cazadores del arca perdida = |b Indiana Jones and the Raiders of the Lost Ark / |c Realización de S. Spielberg. |
| 246 | 2 | |a Título de exhibición cinematográfica en Estados Unidos: Raiders of the Lost Ark | |
| 246 | 2 | |a Título en México: Los cazadores del arca perdida | |
| 264 | 4 | |a San Francisco, EUA : |b Lucasfilm, |c 2003, c1981 | |
| 264 | 2 | |a México : |b Paramount Pictures [distribución], |c 2003, c2003 | |
| 300 | |a 1 DVD región 4 |c (115 min.) | ||
| 336 | |a imagen móvil bidimensional |b tdi |2 rdacontenido | ||
| 337 | |a video |b v |2 rdamedio | ||
| 338 | |a videodisco |b vd |2 rdasoporte | ||
| 440 | 5 | |a (Las Aventuras de Indiana Jones ; |v 1) | |
| 520 | |a Colección de las películas protagonizadas por el personaje del aventurero y presunto arqueólogo Indiana Jones, con las que el director Steven Spielberg y el productor George Lucas buscaron mantener la tradición del cine de aventuras, al tiempo que incorporaban elementos de las historietas gráficas y del cine de terror de la década de 1980. Primera entrega de la serie, Los cazadores del arca perdida narra la búsqueda de Indiana Jones y de su independiente ex novia Marion Ravenwood para localizar el Arca de la Alianza, una empresa en la que habrán de enfrentarse a los nazis en las selvas de Perú, los desiertos de Egipto y en Nepal. El actor Harrison Ford, el compositor John Williams, el fotógrafo Douglas Slocombe y el montajista Michael Kahn forman parte también de las presencias constantes en la serie, que prosigue con la entrega titulada Indiana Jones y el templo de la perdición (1984). | ||
| 546 | |a En alemán, árabe, español, francés, inglés y nepalés, con subtítulos opcionales: español, inglés, portugués | ||
| 546 | |a Doblaje opcional: español, portugués | ||
| 586 | |a Premio Oscar, de la Academia Norteamericana de Cine (54°: 1981): Mejor Película (finalista) | ||
| 586 | |a Premio Oscar, de la Academia Norteamericana de Cine (54°: 1981): Mejor Dirección (finalista: Steven Spielberg) | ||
| 586 | |a Premio Oscar, de la Academia Norteamericana de Cine (54°: 1981): Película con más premios (4) | ||
| 586 | |a Premio BAFTA, de la Academia Británica de Cine y Televisión (35°: 1981): Mejor Película (finalista) | ||
| 586 | |a Premio César, de la Academia Francesa de Cine (7°: 1982): Mejor Película Extranjera (finalista) | ||
| 586 | |a Registro Nacional de Cine de la Biblioteca del Congreso: Declaraciones de 1999 | ||
| 649 | |a XX | ||
| 650 | |a Exploradores y Viajeros en el Cine | ||
| 650 | |a Cine de Aventuras | ||
| 650 | |a Cine Norteamericano - |y 1980-1989 | ||
| 650 | |a Cine Norteamericano - |y Siglo XX | ||
| 650 | |a Exotismo en el Cine | ||
| 650 | |a Estereotipo | ||
| 650 | |a Etnocentrismo | ||
| 650 | |a Arca de la Alianza en el Cine | ||
| 650 | |a Bien y Mal | ||
| 700 | |a Kasdan, Lawrence |e (guión) | ||
| 700 | |a Slocombe, Douglas |e (fotógrafo) | ||
| 700 | |a Nadoolman, Deborah |e (vestuario) | ||
| 700 | |a Kahn, Michael |e (montaje) | ||
| 700 | |a Lucas, George |e (montaje) | ||
| 700 | |a Williams, John |e (música) | ||
| 700 | |a Ford, Harrison |e (actuación) | ||
| 700 | |a Allen, Karen |e (actuación) | ||
| 700 | |a Freeman, Paul |e (actuación) | ||
| 910 | |a Fondo General | ||
| 920 | |a Audiovisuales - DVDs | ||
| 940 | |a Películas | ||
| 905 | |a 302 | ||
| 901 | |a 0500085127 |b IT2 |c DVS |u 20250521 | ||
| 902 | |a https://opac.biblio.iteso.mx/vufind/Record/000171329 | ||